01941agaaa2200337 45000010005000000030009000050050017000140070009000310080040000400400023000800410013001031000054001161300035001702450169002052500022003742600122003963000033005185080176005515110088007275200157008155380016009725460013009886500063010017000062010647000066011267000072011927000069012649420012013339990019013459520239013643195IT-RoPAU20220918181224.0d cvaizq50131s9999||||xx ||| | || ||und|| aIT-RoPAUcIT-RoPAU aITALIANO aDi Carlo CarlogCodice regista SPICS: 7226937083 aTRENO DELLE CINQUE (IL)937084 aTRENO DELLE CINQUE (IL)cSceneggiatura: Di Carlo Carlo Vergine Antonio -- Diretto da: Di Carlo CarlopTRENO DELLE CINQUE (IL) (Rif. Codice opera principale : 63195) aEdizione Standard aROMA (ITALIA)bRAI - RADIO TELEVISIONE ITALIANA / Distribuzione: RAIg"1987 (1° ed.: 1991 ; Ed. Lingua Orig.: 1987)" aVHSbsonoro, col.c50 minuti a"Fotografia: Cremonino Mario; Musica: Bacalov Luis; Sceneggiatura: Di Carlo Carlo Vergine Antonio; Scenografia: Bernardi Paolo; Soggetto: Ostuni Lorenzo -- Di Carlo Carlo" a"Merli Adalberto; Maria; Urso Giulia; Molnar Stanko; Ferrero Gloria; Paganini Lil." aALTRI-INTERPRETI: MARINA-CAVALLI CLAUDIO-PARACHINETTO NINO-RICHELMY GINO-LANA OTTAVIO-MARCELLI ADOLFO-FENOGLIO NICOLA-DONALISIOFILM REALIZZATO PER LA TV aPAL, STEREO aITALIANO aDRAMMATICOeFILMS [VHS]xCodice MATERIA SPICS: 9960934083 aBacalov Luise(musica)gCodice Musica SPICS: 21505937085 aDi Carlo Carlo e(regista)gCodice regista SPICS: 7226937086 aDi Carlo Carlo e(soggetto)gCodice Soggetto 2° SPICS: 7226937087 aOstuni Lorenzo e(soggetto)gCodice Soggetto SPICS: 22449937088 cVH2ddc c104680d104680 001040663195_00000000000000071aSPICSbSPICSd2015-01-31l0o63195r2015-01-31 00:00:00w2015-01-31yVHzProgr. Ins.: 2262 / N.Vol.:1 / Copie: 1 / Pag.: / Copia rara: n.d. / date import: 1.2.2015 / By Epidotti, Trombetti, Vaglietti